|
|
|
|
| LEADER |
00000nam0a2200000 4500 |
| 001 |
365701 |
| 005 |
20231102011818.0 |
| 035 |
|
|
|a (RuTPU)RU\TPU\retro\23064
|
| 090 |
|
|
|a 365701
|
| 100 |
|
|
|a 20220118d1981 km y0rusy50 ca
|
| 101 |
0 |
|
|a rus
|
| 102 |
|
|
|a RU
|
| 105 |
|
|
|a a z 001zb
|
| 200 |
1 |
|
|a Карл Мария Вебер (1786-1826)
|e популярная монография
|f А. А. Кенигсберг
|
| 205 |
|
|
|a 2-е изд., доп.
|
| 210 |
|
|
|a Ленинград
|c Музыка
|d 1981
|
| 215 |
|
|
|a 112 с.
|c ил.
|
| 320 |
|
|
|a Библиогр.: с. 111-112
|
| 600 |
|
1 |
|a Вебер
|b К. М. фон
|c немецкий композитор
|c дирижер
|f 1786-1826
|g Карл Маия
|c музыкальный критик
|2 stltpush
|3 (RuTPU)RU\TPU\pers\12615
|
| 606 |
1 |
|
|a Композиторы
|2 stltpush
|3 (RuTPU)RU\TPU\subj\15032
|9 41330
|
| 610 |
1 |
|
|a музыка
|
| 610 |
1 |
|
|a музыкальная культура
|
| 610 |
1 |
|
|a музыкальное творчество
|
| 610 |
1 |
|
|a музыкальные деятели
|
| 610 |
1 |
|
|a дирижеры
|
| 610 |
1 |
|
|a Германия
|
| 610 |
1 |
|
|a 19 век
|
| 610 |
1 |
|
|a история
|
| 610 |
1 |
|
|a персоналии
|
| 675 |
|
|
|a 78.071.1
|v 4
|
| 700 |
|
1 |
|a Кенигсберг
|b А. А.
|g Алла Константиновна
|
| 801 |
|
1 |
|a RU
|b 63413507
|c 20220118
|
| 942 |
|
|
|c BK
|